Central Library OPAC University of Rajshahi

Dictionary of environmental law / (Record no. 59664)

MARC details
000 -LEADER
fixed length control field 00792nam a2200265 a 4500
001 - CONTROL NUMBER
control field 59664
003 - CONTROL NUMBER IDENTIFIER
rucl marc code BD-RjUL
005 - DATE AND TIME OF LATEST TRANSACTION
control field 20211209080745.0
008 - FIXED-LENGTH DATA ELEMENTS--GENERAL INFORMATION
fixed length control field 161226s2000 enk d 000 0 eng
020 ## - INTERNATIONAL STANDARD BOOK NUMBER
International Standard Book Number 1840641886
Terms of availability L.65.00
035 ## - SYSTEM CONTROL NUMBER
System control number (BD-RjUL)59788
System control number 598335
040 ## - CATALOGING SOURCE
Original cataloging agency IeDuTC
Language of cataloging eng
Transcribing agency IeDuTC
Modifying agency Uk
-- DLC
041 ## - LANGUAGE CODE
Language code of text/sound track or separate title eng
082 00 - DEWEY DECIMAL CLASSIFICATION NUMBER
Classification number 344.04603
Edition number 22
Author mark and year GID 2000
084 ## - OTHER CLASSIFICATION NUMBER
Classification number K126.E58 G54 2000
100 1# - MAIN ENTRY--PERSONAL NAME
Personal name Gilpin, Alan.
9 (RLIN) 177537
245 10 - TITLE STATEMENT
Title Dictionary of environmental law /
Statement of responsibility, etc. Alan Gilpin.
260 ## - PUBLICATION, DISTRIBUTION, ETC. (IMPRINT)
Place of publication, distribution, etc. Cheltenham :
Name of publisher, distributor, etc. Edward Elgar,
Date of publication, distribution, etc. 2000.
300 ## - PHYSICAL DESCRIPTION
Pagination xiii, 377 p. ;
Size 25 cm.
504 ## - BIBLIOGRAPHY, ETC. NOTE
Bibliography, etc Includes bibliographical references.
Bibliography, etc Includes bibliographical references (p. 377).
650 #0 - SUBJECT ADDED ENTRY--TOPICAL TERM
Topical term or geographic name as entry element Environmental law
Form subdivision Dictionaries.
9 (RLIN) 177538
942 ## - ADDED ENTRY ELEMENTS (KOHA)
Source of classification or shelving scheme Dewey Decimal Classification
Koha item type Books
Holdings
Lost status Source of classification or shelving scheme Damaged status Not for loan Collection code Permanent Location Current Location Shelving location Date acquired Source of acquisition Cost, normal purchase price Total Checkouts Full call number Date last seen Copy number Koha item type
  Dewey Decimal Classification   Not For Loan Non-fiction Central Library, University of Rajshahi Central Library, University of Rajshahi Reading Room 13/04/2006 Paragogn Enterprise, Dhaka 90.00   344.04603 GID 2000 26/12/2016 C-1 Books